[Event "57 Ogolnopolski Masowy Turniej Szachowy o "ZLOTA WIEZE" - Final Centralny 2015"]
[Site "Chotowa"]
[Date "1899-12-30"]
[Round "3.10"]
[White "Borawski, Jakub"]
[Black "Tustanowski, Robert"]
[Result "0-1"]
[WhiteTitle "I++"]
[BlackTitle "m"]
[WhiteElo "2020"]
[BlackElo "2206"]

1. e4 e5 2. Nf3 Nc6 3. Nc3 Nf6 4. a3 d6 5. d4 Bg4 6. Bb5 Nd7 7. dxe5 Bxf3 8. gxf3
dxe5 9. Be3 a6 10. Bxc6 bxc6 11. Qd3 Qb8 12. O-O-O Bd6 13. Qc4 Qb7 14. Qb3 Qxb3
15. cxb3 Nc5 16. Kc2 Ke7 17. Rhg1 g6 18. Rd2 Ne6 19. Rc1 Rhb8 20. b4 a5 21. bxa5
Rxa5 22. Kd1 f5 23. exf5 gxf5 24. f4 exf4 25. Bd4 Nxd4 0-1

[Event "57 Ogolnopolski Masowy Turniej Szachowy o "ZLOTA WIEZE" - Final Centralny 2015"]
[Site "Chotowa"]
[Date "1899-12-30"]
[Round "3.11"]
[White "Tustanowski, Mateusz"]
[Black "Pytel, Maciej"]
[Result "0-1"]
[WhiteTitle "I"]
[BlackTitle "I"]
[WhiteElo "1873"]
[BlackElo "1723"]

1. e4 c5 2. Nc3 e5 3. Bc4 g6 4. d3 Bg7 5. Nf3 Ne7 6. O-O O-O 7. Bg5 Kh8 8. Bxe7
Qxe7 9. Nd5 Qd8 10. c3 Nc6 11. Qd2 d6 12. b4 cxb4 13. cxb4 Bg4 14. Ne1 f5 15.
f3 Bh5 16. Nc2 f4 17. a4 g5 18. h3 Bf7 19. a5 a6 20. Nb6 Rb8 21. Rfb1 h5 22. b5
axb5 23. Bxf7 Rxf7 24. Rxb5 Bh6 25. Nc4 Qf6 26. Kh2 g4 27. Rd5 Rd8 28. a6 Ne7
29. a7 Nxd5 30. a8=Q Ne3 31. Qa2 gxh3 32. gxh3 Rg8 33. Rg1 Rxg1 34. Kxg1 Qg5+
35. Kh1 Rg7 36. Qf2 Nd1 37. Qf1 Nc3 38. Qaa1 Nb5 39. d4 d5 40. Nxe5 dxe4 41. d5
Kh7 42. Ne1 Nd6 43. fxe4 Nxe4 44. Qb1 Qf5 45. Kh2 f3 46. Qxf3 Bf4+ 47. Kh1 Ng3+
48. Qxg3 Qxb1 49. Qf2 Bxe5 50. Qe2 Qf5 0-1

[Event "57 Ogolnopolski Masowy Turniej Szachowy o "ZLOTA WIEZE" - Final Centralny 2015"]
[Site "Chotowa"]
[Date "1899-12-30"]
[Round "3.12"]
[White "Rudnik, Anna"]
[Black "Buksa, Ewelina"]
[Result "1/2-1/2"]
[WhiteTitle "I++"]
[BlackTitle "I"]
[WhiteElo "1782"]
[BlackElo "1614"]

1. e4 e5 2. d4 exd4 3. Qxd4 Nc6 4. Qe3 Nf6 5. Nc3 Bb4 6. Bd2 Qe7 7. O-O-O d6 8.
f3 Bd7 9. Qg5 Rg8 10. Nge2 O-O-O 11. Nd5 Nxd5 12. exd5 Bxd2+ 13. Qxd2 Ne5 14.
Nd4 Kb8 15. Re1 Qh4 16. Qb4 Ka8 17. g3 Qh5 18. Re3 c5 19. dxc6 Nxc6 20. Nxc6 Bxc6
21. Qf4 Rge8 22. g4 Qc5 23. Rxe8 Rxe8 24. Bd3 Qf2 25. b3 Bxf3 26. Kb2 Qe3 27.
Qxe3 Rxe3 28. Rf1 h6 29. Kc3 Bd5 30. Kd4 Re5 31. Bf5 f6 32. Bd3 Kb8 33. a4 Kc7
34. Bb5 Be4 35. Rf2 Bg6 36. h3 d5 37. Rf3 Kd6 38. a5 Bxc2 39. b4 a6 40. Bf1 Bb1
41. b5 axb5 42. Bxb5 Re4+ 43. Kc3 Kc5 44. Bd7 Rc4+ 45. Kb2 Be4 46. Ra3 Rc2+ 47.
Kb3 d4 48. Ra1 d3 49. Rd1 d2 50. Bf5 Bxf5 51. gxf5 Rc1 52. Rxd2 Ra1 53. Rd7 Rxa5
54. Rxg7 Kd4 55. Rg6 Rxf5 56. Rxh6 1/2-1/2

[Event "57 Ogolnopolski Masowy Turniej Szachowy o "ZLOTA WIEZE" - Final Centralny 2015"]
[Site "Chotowa"]
[Date "1899-12-30"]
[Round "3.13"]
[White "Molenda, Marcin"]
[Black "Lewtak, Damian"]
[Result "1-0"]
[WhiteTitle "k"]
[BlackTitle "m"]
[WhiteElo "2168"]
[BlackElo "2325"]

1. e4 c5 2. Nf3 Nc6 3. Bb5 Na5 4. c3 a6 5. Be2 b5 6. d4 cxd4 7. cxd4 Bb7 8. Bd3
e6 9. O-O Nf6 10. Qe2 Be7 11. Bf4 d6 12. Nbd2 h6 13. Rfc1 Rc8 14. a4 bxa4 15.
Bxa6 Rxc1+ 16. Rxc1 Bxa6 17. Qxa6 O-O 18. Ra1 Nb3 19. Rxa4 Nxd2 20. Nxd2 Qb8 21.
b3 e5 22. Bg3 Nh5 23. Qd3 Qc7 24. Nc4 Nxg3 25. hxg3 exd4 26. Qxd4 Bf6 27. Qd5
Qb8 28. b4 Rc8 29. b5 Bd8 30. Nxd6 Rc1+ 31. Kh2 Qc7 32. Ra8 Rc5 33. Rxd8+ Kh7
34. Rc8 Rxd5 35. Rxc7 Rxd6 36. Rxf7 1-0

[Event "57 Ogolnopolski Masowy Turniej Szachowy o "ZLOTA WIEZE" - Final Centralny 2015"]
[Site "Chotowa"]
[Date "1899-12-30"]
[Round "3.14"]
[White "Lewicki, Miroslaw"]
[Black "Luczka, Szymon"]
[Result "1-0"]
[WhiteTitle "CM"]
[BlackTitle "I"]
[WhiteElo "2224"]
[BlackElo "1783"]

1. e4 c5 2. Nf3 d6 3. c4 Nf6 4. Nc3 Nc6 5. d4 cxd4 6. Nxd4 e6 7. Be3 Be7 8. Be2
O-O 9. O-O a6 10. Rc1 Bd7 11. f4 Qc7 12. Bf3 Rac8 13. Qd2 Nxd4 14. Bxd4 e5 15.
Be3 exf4 16. Bxf4 Be6 17. Rfd1 Rfd8 18. Na4 Bg4 19. c5 Qc6 20. Bxg4 Nxg4 21. cxd6
Qxe4 22. dxe7 Qxe7 23. Rxc8 Rxc8 24. Re1 Qf6 25. h3 Qc6 26. Rc1 Qxc1+ 27. Qxc1
Rxc1+ 28. Bxc1 Ne5 29. Nc5 b5 30. Nxa6 Nd3 31. Bd2 Nxb2 32. Nc7 Nc4 33. Bb4 Nb6
34. Nxb5 Nd5 35. Bc5 1-0

[Event "57 Ogolnopolski Masowy Turniej Szachowy o "ZLOTA WIEZE" - Final Centralny 2015"]
[Site "Chotowa"]
[Date "1899-12-30"]
[Round "3.15"]
[White "Wolczyk, Karol"]
[Black "Lewtak, Dominik"]
[Result "0-1"]
[WhiteTitle "II"]
[BlackTitle "k"]
[WhiteElo "1540"]
[BlackElo "2153"]

1. e4 c5 2. Nf3 Nc6 3. d4 cxd4 4. Nxd4 Nf6 5. Nc3 d6 6. Bg5 e6 7. Be2 Be7 8. O-O
O-O 9. Kh1 a6 10. f4 h6 11. Bh4 Qc7 12. Bf3 Bd7 13. Bg3 Rfd8 14. f5 Rac8 15. fxe6
fxe6 16. Nxc6 Bxc6 17. Bg4 Bd7 18. Qe2 Qb6 19. e5 Nxg4 20. exd6 Bxd6 21. Bxd6
Ne3 22. Qf2 Bc6 23. Rg1 Rxd6 24. Rae1 Nxg2 25. Qxb6 Nxe1+ 26. Rg2 Bxg2+ 0-1

[Event "57 Ogolnopolski Masowy Turniej Szachowy o "ZLOTA WIEZE" - Final Centralny 2015"]
[Site "Chotowa"]
[Date "1899-12-30"]
[Round "3.16"]
[White "Swiech, Joanna"]
[Black "Trybowska, Anna"]
[Result "1-0"]
[WhiteTitle "I++"]
[BlackTitle "I"]
[WhiteElo "1811"]
[BlackElo "1556"]

1. d4 d5 2. f4 Nf6 3. Nf3 Bf5 4. e3 e6 5. Bd3 Bg6 6. O-O Bd6 7. Ne5 Qe7 8. Nd2
Nbd7 9. Ndf3 Bxe5 10. Nxe5 Bxd3 11. cxd3 O-O-O 12. Bd2 Nxe5 13. dxe5 Nd7 14. Rc1
Nb8 15. Qa4 a6 16. Rc2 Qd7 17. Qa3 c6 18. b4 b5 19. Bc3 Kb7 20. Bd4 Rc8 21. Qc3
Ka8 22. Qb3 Qb7 23. a4 Rhd8 24. Ra1 Rd7 25. Bc5 g6 26. Rca2 Rcd8 27. Qc3 h5 28.
Ra3 Rc8 29. R1a2 Rcd8 30. Qa1 Qc8 31. axb5 cxb5 32. Rxa6+ Nxa6 33. Rxa6+ Kb7 34.
Rb6+ 1-0

[Event "57 Ogolnopolski Masowy Turniej Szachowy o "ZLOTA WIEZE" - Final Centralny 2015"]
[Site "Chotowa"]
[Date "1899-12-30"]
[Round "3.17"]
[White "Bartel, Michal"]
[Black "Kopczyk, Daniel"]
[Result "1-0"]
[WhiteTitle "FM"]
[BlackTitle "k"]
[WhiteElo "2314"]
[BlackElo "2186"]

1. e4 g6 2. g3 Bg7 3. Bg2 c5 4. Ne2 Nc6 5. c3 Nf6 6. d4 cxd4 7. cxd4 O-O 8. Nbc3
d6 9. O-O e5 10. d5 Nd4 11. Nxd4 exd4 12. Qxd4 Re8 13. Qb4 Ng4 14. h3 Ne5 15.
Be3 b6 16. Rfd1 a5 17. Qb3 Nd7 18. Bd4 Nc5 19. Qc2 Bxd4 20. Rxd4 Qf6 21. Rad1
Bd7 22. Qd2 b5 23. Ne2 b4 24. g4 Bb5 25. g5 Qe7 26. h4 Rac8 27. Ng3 Rc7 28. Re1
Nd7 29. Rc1 Ne5 30. f4 Rxc1+ 31. Qxc1 Qa7 32. Qe3 Ng4 33. Qd2 Rc8 34. Bf1 Rc2
35. Qxc2 Qxd4+ 36. Kh1 Bxf1 37. Nxf1 Nf2+ 38. Kg2 Nxe4 39. Kf3 Nc5 40. Ne3 Nd3
41. Qc4 Qxb2 42. Qxd3 Qxa2 43. Qb5 Qb1 44. Qb8+ Kg7 45. Qxd6 Qh1+ 46. Ke2 Qh2+
47. Kd3 b3 48. Qe5+ Kg8 49. Qb8+ Kg7 50. Qxb3 Qxf4 51. Qc3+ Kf8 52. Qxa5 Qxh4
53. d6 Qh1 54. Qb4 1-0

[Event "57 Ogolnopolski Masowy Turniej Szachowy o "ZLOTA WIEZE" - Final Centralny 2015"]
[Site "Chotowa"]
[Date "1899-12-30"]
[Round "3.18"]
[White "Wozniak, Maciej"]
[Black "Barwinski, Dionizy"]
[Result "1/2-1/2"]
[WhiteTitle "k"]
[BlackTitle "FM"]
[WhiteElo "2118"]
[BlackElo "2081"]

1. e4 d5 2. exd5 Qxd5 3. Nc3 Qd6 4. d4 c6 5. Nf3 Bg4 6. Be2 Nd7 7. O-O Ngf6 8.
Be3 e6 9. Qd2 Qc7 10. Bf4 Bd6 11. Bxd6 Qxd6 12. Qe3 O-O 13. Ne5 Bf5 14. Bd3 Bxd3
15. Nxd3 Nd5 16. Nxd5 cxd5 17. f4 Rac8 18. c3 g6 19. g4 Nf6 20. Qh3 h5 21. g5
Ne4 22. Qe3 a5 23. a4 Rc4 24. Ra3 b6 25. Ne5 Rc7 26. Rb3 Rb8 27. Rb5 Qe7 28. Qd3
Nd6 29. Rb3 Qe8 30. Ra1 Nc4 31. Rb5 Kg7 32. Qe2 Nd6 33. Rb3 Qd8 34. Kh1 Nc4 35.
Rb5 Rbb7 36. Nd3 Kg8 37. Re1 Nd6 38. Rb3 Qe8 39. Ra3 Ne4 40. Ne5 Nd6 41. Raa1
Kg7 42. Nd3 Ne4 43. Ne5 b5 44. axb5 Qxb5 45. Qxb5 Rxb5 46. Nd3 Nd2 47. Re2 Nc4
48. Kg2 Ra7 49. Ra4 Rab7 50. Ra2 R7b6 51. Kf2 a4 52. Ke1 a3 53. b4 Ra6 54. Kd1
Rb8 55. Kc2 Ra7 56. Kb3 Rc8 57. Re1 Nd6 58. Nc5 Nb5 59. Rea1 Rca8 60. Nd3 Rc8
61. Nc5 Rca8 62. Nd3 1/2-1/2

[Event "57 Ogolnopolski Masowy Turniej Szachowy o "ZLOTA WIEZE" - Final Centralny 2015"]
[Site "Chotowa"]
[Date "1899-12-30"]
[Round "3.19"]
[White "Czajkowski, Adam"]
[Black "Szpar, Milosz"]
[Result "0-1"]
[WhiteTitle "I++"]
[BlackTitle "I"]
[WhiteElo "2153"]
[BlackElo "1831"]

1. e4 d6 2. d4 Nf6 3. Nc3 g6 4. Be3 Bg7 5. h3 O-O 6. g4 e5 7. Nge2 exd4 8. Nxd4
d5 9. exd5 Nxd5 10. Nxd5 Qxd5 11. Rg1 Re8 12. c3 Nd7 13. Qf3 Nb6 14. Be2 Qxf3
15. Nxf3 Nd5 16. Bd2 Bd7 17. Kf1 c5 18. Re1 Bc6 19. Bd1 Nb6 20. Rg3 Nc4 21. Bc1
Rxe1+ 22. Nxe1 Rd8 23. Rd3 Re8 24. Be2 Nb6 25. b3 Be4 26. Rg3 Nd5 27. Bd2 Be5
28. f4 Bxf4 29. Bxf4 Nxf4 30. Bc4 Bd5 31. Bxd5 Nxd5 32. Nc2 Kg7 33. c4 Nf4 34.
Rf3 Re4 35. Ne3 Ne6 36. Nd5 Rd4 37. a3 b5 38. Ne3 Ng5 39. Rg3 Ne4 40. Rg2 Rd3
41. Ke2 Rxb3 42. cxb5 Rxb5 43. Kd3 Nd6 44. Kc3 Rb1 45. h4 Rh1 46. h5 Rh3 47. Kd2
Nb5 48. a4 Nd4 49. a5 Nb3+ 50. Kd3 Nxa5 51. hxg6 hxg6 52. Rc2 Nb7 53. Rb2 Nd6
54. Rc2 c4+ 55. Kd4 Rg3 56. Ra2 c3 57. Re2 Ne8 58. Ke4 Nf6+ 59. Kf4 Rh3 60. Ra2
Rh1 61. Rxa7 c2 62. Nxc2 Rf1+ 63. Kg3 Ne4+ 64. Kh3 Rf3+ 65. Kh4 g5+ 66. Kh5 Rh3#
0-1

[Event "57 Ogolnopolski Masowy Turniej Szachowy o "ZLOTA WIEZE" - Final Centralny 2015"]
[Site "Chotowa"]
[Date "1899-12-30"]
[Round "3.20"]
[White "Krzyzanowska-zadlo, Lidia"]
[Black "Sosnowska, Elzbieta"]
[Result "1-0"]
[WhiteTitle "k"]
[BlackTitle "WFM"]
[WhiteElo "1851"]
[BlackElo "1826"]

1. e4 e5 2. Nf3 Nf6 3. Nxe5 d6 4. Nf3 Nxe4 5. d4 d5 6. Bd3 Nc6 7. O-O Be7 8. c4
Nb4 9. cxd5 Nxd3 10. Qxd3 Nf6 11. Nc3 Nxd5 12. Re1 c6 13. Bg5 f6 14. Bh4 Kf7 15.
a3 Be6 16. Bg3 Qd7 17. Rad1 b5 18. Ne4 Bf5 19. Qd2 Bxe4 20. Rxe4 Bd8 21. Qc2 Bb6
22. Rc1 Rac8 23. Qb3 Rhe8 24. Rxe8 Qxe8 25. Qd3 g6 26. Bd6 Qd7 27. Bc5 Re8 28.
Re1 Nf4 29. Qb3+ Kg7 30. Rxe8 Qxe8 31. Qe3 Qxe3 32. fxe3 Nd3 33. b4 Kf7 34. Kf1
Ke6 35. Ke2 Nxc5 36. bxc5 Bc7 37. Kd3 a5 38. e4 Bf4 39. a4 bxa4 40. Kc4 a3 41.
d5+ cxd5+ 42. exd5+ Kd7 43. Kb3 Bc1 44. Nd4 Bb2 45. Nb5 Be5 46. h3 f5 47. Nxa3
g5 48. Kc4 h5 49. Kb5 g4 50. Nc4 Bb8 51. c6+ Ke7 52. d6+ Bxd6 53. Nxd6 Kxd6 54.
Kb6 f4 55. hxg4 hxg4 56. c7 f3 57. gxf3 gxf3 58. c8=Q Ke5 59. Qc4 a4 60. Kc5 a3
61. Kb4 a2 62. Qxa2 Ke4 63. Qf2 1-0

[Event "57 Ogolnopolski Masowy Turniej Szachowy o "ZLOTA WIEZE" - Final Centralny 2015"]
[Site "Chotowa"]
[Date "1899-12-30"]
[Round "4.1"]
[White "Lewtak, Damian"]
[Black "Luba, Lukasz"]
[Result "1-0"]
[WhiteTitle "m"]
[BlackTitle "I"]
[WhiteElo "2325"]
[BlackElo "2130"]

1. e4 c5 2. Nf3 Nc6 3. Bb5 a6 4. Bxc6 bxc6 5. d3 g6 6. O-O Bg7 7. e5 f6 8. Re1
fxe5 9. Nxe5 Nf6 10. Nc3 Qc7 11. Bf4 d6 12. Qf3 Bb7 13. Ng4 Nxg4 14. Qxg4 Bc8
15. Qh4 O-O 16. Rxe7 Rxf4 17. Rxg7+ Qxg7 18. Qxf4 Qf8 19. Qxf8+ Kxf8 20. Ne4 d5
21. Nxc5 Rb8 22. b3 Rb5 23. Na4 Rb7 24. f3 Re7 25. Kf2 h5 26. Re1 h4 27. Rxe7
Kxe7 28. Nc5 Kd6 29. d4 g5 30. f4 g4 31. g3 h3 32. Ke3 Kc7 33. a4 Kb6 34. Kd3
Bf5+ 35. Kc3 Bc8 36. Nd3 Bf5 37. b4 Bc8 38. Nf2 Bf5 39. Nd1 Be4 40. Ne3 Bf3 41.
Kb3 Be2 42. c4 Bf3 43. c5+ Kc7 44. b5 cxb5 45. axb5 axb5 46. Kb4 Kc6 47. f5 Be4
48. f6 Kd7 49. Kxb5 1-0

[Event "57 Ogolnopolski Masowy Turniej Szachowy o "ZLOTA WIEZE" - Final Centralny 2015"]
[Site "Chotowa"]
[Date "1899-12-30"]
[Round "4.2"]
[White "Szydelko, Kazimierz"]
[Black "Lewicki, Miroslaw"]
[Result "0-1"]
[WhiteTitle "I"]
[BlackTitle "CM"]
[WhiteElo "1686"]
[BlackElo "2224"]

1. d4 Nf6 2. c4 e6 3. Nf3 d5 4. Nc3 c6 5. cxd5 exd5 6. Bg5 Bf5 7. e3 Qb6 8. Qd2
Ne4 9. Nxe4 dxe4 10. Qc2 f6 11. Bf4 Na6 12. Bxa6 Qxa6 13. Nd2 Be7 14. f3 exf3
15. Qc4 fxg2 16. Rg1 Qxc4 17. Nxc4 Be4 18. Kf2 f5 19. Ne5 g5 20. Bg3 Rf8 21. Ke2
f4 22. exf4 gxf4 23. Bf2 f3+ 24. Ke3 Bd5 25. b3 O-O-O 26. Rad1 Bg5+ 27. Kd3 Bf4
28. Bh4 Bxe5 29. dxe5 Bxb3+ 0-1

[Event "57 Ogolnopolski Masowy Turniej Szachowy o "ZLOTA WIEZE" - Final Centralny 2015"]
[Site "Chotowa"]
[Date "1899-12-30"]
[Round "4.3"]
[White "Lewtak, Dominik"]
[Black "Majocha, Piotr"]
[Result "1/2-1/2"]
[WhiteTitle "k"]
[BlackTitle "II+"]
[WhiteElo "2153"]
[BlackElo "1613"]

1. c4 c5 2. Nf3 Nf6 3. Nc3 Nc6 4. e3 d6 5. d4 cxd4 6. exd4 Bg4 7. Be2 g6 8. O-O
Bg7 9. h3 Bxf3 10. Bxf3 O-O 11. Re1 Nd7 12. Be3 Re8 13. Rc1 Rc8 14. b3 Qa5 15.
a4 Nf6 16. g3 e5 17. d5 Nd4 18. Bxd4 exd4 19. Nb5 Rxe1+ 20. Qxe1 Qb6 21. a5 Qa6
22. Qb4 Ne8 23. Re1 Be5 24. Bg2 b6 25. f4 bxa5 26. Qd2 Bf6 27. Ra1 Qb6 28. Qxa5
d3+ 29. Qxb6 axb6 30. Ra2 Be7 31. Be4 Nc7 32. Nd4 Bf6 33. Nf3 Re8 34. Bxd3 Re3
35. Be2 Rxb3 36. Kf2 Rb1 37. Ra7 Ne8 38. Ra8 Kf8 39. Ke3 Ke7 40. Nd2 Ra1 41. Rb8
Ra3+ 42. Bd3 Ra7 43. Rxb6 Bc3 44. Ne4 Ba5 45. Rb3 Nf6 46. Nc3 Bxc3 47. Rxc3 Nd7
48. Bc2 h5 49. g4 hxg4 50. hxg4 Kf6 51. g5+ Ke7 52. Kd4 Nc5 53. f5 gxf5 54. Bxf5
Ra1 55. Rg3 Rd1+ 56. Kc3 Rc1+ 57. Kb4 Rf1 58. Bc2 Rf2 59. Kc3 Rf1 60. Rg2 Rf3+
61. Kb4 Rf1 62. Kb5 Ra1 63. Re2+ Kd8 64. Bf5 Ra3 65. Rb2 Rb3+ 66. Rxb3 Nxb3 67.
Kb4 Nc5 68. Bh7 Kd7 69. Kb5 Kc7 70. Bg8 Ne4 71. Bxf7 Nxg5 72. Bg6 Nf3 73. c5 dxc5
74. Kxc5 Ne5 75. d6+ Kd8 76. Bh5 Nd7+ 77. Kc6 Nf6 78. Bg6 Nd7 79. Bc2 Ne5+ 80.
Kd5 Nf7 81. Ke6 Nxd6 82. Kxd6 1/2-1/2

[Event "57 Ogolnopolski Masowy Turniej Szachowy o "ZLOTA WIEZE" - Final Centralny 2015"]
[Site "Chotowa"]
[Date "1899-12-30"]
[Round "4.4"]
[White "Korosciel, Aneta"]
[Black "Swiech, Joanna"]
[Result "1-0"]
[WhiteTitle "m"]
[BlackTitle "I++"]
[WhiteElo "2014"]
[BlackElo "1811"]

1. e4 e6 2. d3 d5 3. Nd2 Nf6 4. Ngf3 c5 5. g3 Nc6 6. Bg2 Be7 7. O-O O-O 8. Re1
Qc7 9. e5 Nd7 10. Qe2 a6 11. Nf1 b5 12. Bf4 Bb7 13. h4 d4 14. N1h2 Nb4 15. Ng4
Nd5 16. Bd2 Rfe8 17. Ng5 h6 18. Nxf7 Kxf7 19. Nxh6+ gxh6 20. Qh5+ Kg8 21. Qg6+
Kh8 22. Qxh6+ Kg8 23. Qxe6+ Kh8 24. Qh6+ Kg8 25. Re4 Nxe5 26. Qe6+ Kh8 27. Qxe5+
Qxe5 28. Rxe5 Rad8 29. Rae1 Kg8 30. Bg5 Rd7 31. Bxd5+ Bxd5 32. Bxe7 Kf7 33. Bxc5
Rxe5 34. Rxe5 Bxa2 35. h5 1-0

[Event "57 Ogolnopolski Masowy Turniej Szachowy o "ZLOTA WIEZE" - Final Centralny 2015"]
[Site "Chotowa"]
[Date "1899-12-30"]
[Round "4.5"]
[White "Karwowski, Kacper"]
[Black "Banasik, Krzysztof"]
[Result "1/2-1/2"]
[WhiteTitle "I++"]
[BlackTitle "k"]
[WhiteElo "2003"]
[BlackElo "2232"]

1. e4 e6 2. d4 d5 3. Nd2 Nf6 4. e5 Nfd7 5. Bd3 c5 6. c3 Nc6 7. Ne2 cxd4 8. cxd4
f6 9. exf6 Nxf6 10. Nf3 Bd6 11. O-O O-O 12. Bg5 Qb6 13. Nc3 Bd7 14. Re1 Kh8 15.
Ne5 Qxd4 16. Nb5 Qxe5 17. Rxe5 Bxe5 18. f4 Bb8 19. Qf3 a6 20. Nc3 Nd4 21. Qg3
Ne4 22. Qh3 Bc6 23. Be7 Rxf4 24. Bc5 Be5 25. Rd1 Nf5 26. g3 Ng5 27. Qh5 Nf3+ 28.
Kf2 g6 29. gxf4 gxh5 30. Bxf5 exf5 31. fxe5 Nxh2 32. Kg3 Ng4 33. Kf4 Kg7 34. Kxf5
Nh6+ 35. Kg5 Nf7+ 36. Kxh5 Nxe5 37. Bd4 Re8 38. Re1 Kf6 39. Rf1+ Ke6 40. b4 Kd6
41. a4 Re6 42. Bc5+ Kc7 43. b5 Be8+ 44. Kg5 Rg6+ 45. Kf5 Nd3 46. Nxd5+ Kb8 47.
Bd4 Rg8 48. Nf6 Bg6+ 49. Ke6 Rd8 50. Bb6 Rc8 51. Nd7+ Ka8 52. Bd4 Re8+ 53. Kd6
Nb4 54. Kc5 Nc2 55. Be5 Ne3 56. Re1 Rc8+ 57. Kb4 Nc2+ 58. Ka5 Re8 59. Rd1 Ne3
60. Rd4 Bf5 61. Nb6+ Ka7 62. Bf4 Nc2 63. Rd5 Bg4 64. bxa6 Nb4 65. Kxb4 Kxb6 66.
Rb5+ Kxa6 67. Ra5+ Kb6 68. Rb5+ Kc6 69. Rc5+ Kd7 1/2-1/2

[Event "57 Ogolnopolski Masowy Turniej Szachowy o "ZLOTA WIEZE" - Final Centralny 2015"]
[Site "Chotowa"]
[Date "1899-12-30"]
[Round "4.6"]
[White "Tustanowski, Robert"]
[Black "Kowalski, Maciej"]
[Result "1-0"]
[WhiteTitle "m"]
[BlackTitle "k"]
[WhiteElo "2206"]
[BlackElo "2107"]

1. e4 c5 2. Nf3 Nc6 3. Bb5 e6 4. Bxc6 dxc6 5. O-O Ne7 6. d3 Ng6 7. e5 Be7 8. Nc3
O-O 9. Re1 f6 10. Qe2 Qe8 11. a4 Qf7 12. a5 fxe5 13. Qe4 Nh4 14. Re3 Bd7 15. Kh1
Nxf3 16. Rxf3 Qh5 17. Rxf8+ Rxf8 18. Be3 Rb8 19. f3 Bd6 20. Bf2 Qf5 21. Bg3 Kf7
22. Qe3 Bc7 23. Ne4 Be8 24. Qxc5 b6 25. axb6 axb6 26. Nd6+ Kg8 27. Qxe5 Qxe5 28.
Bxe5 Bxd6 29. Bxd6 Rc8 30. Ra6 b5 31. b4 Kf7 32. Ra7+ Kf6 33. f4 Bf7 34. Be5+
Kg6 35. g4 c5 36. h4 Be8 37. h5+ 1-0

[Event "57 Ogolnopolski Masowy Turniej Szachowy o "ZLOTA WIEZE" - Final Centralny 2015"]
[Site "Chotowa"]
[Date "1899-12-30"]
[Round "4.7"]
[White "Wacior, Maciej"]
[Black "Tustanowski, Mateusz"]
[Result "1/2-1/2"]
[WhiteTitle "I+"]
[BlackTitle "I"]
[WhiteElo "1921"]
[BlackElo "1873"]

1. d4 d5 2. Nf3 Nf6 3. Bf4 c5 4. e3 Nc6 5. c3 Bf5 6. Bd3 Bxd3 7. Qxd3 c4 8. Qc2
e6 9. O-O Bd6 10. Bg3 Ne4 11. Nbd2 Nxg3 12. hxg3 O-O 13. e4 b5 14. e5 Be7 15.
Nh2 Qb6 16. f4 f6 17. exf6 Bxf6 18. Kh1 b4 19. Rae1 Ne7 20. g4 g6 21. Re3 Rab8
22. Qd1 bxc3 23. bxc3 Qb2 24. Qe1 Rb6 25. Rxe6 Qxc3 26. g5 Nf5 27. Rf3 Qxd4 28.
Rxb6 axb6 29. gxf6 Qxf6 30. Qe5 Qxe5 31. fxe5 Ra8 32. a3 Nd4 33. Rh3 h5 34. Nhf3
Ne2 35. Ng1 Nf4 36. Rc3 Nd3 37. Ngf3 Kf8 38. Kg1 Ke7 39. Kf1 Ke6 40. Ke2 g5 41.
Nxg5+ Kxe5 42. Ngf3+ Kf4 43. Nxc4 dxc4 44. Rxc4+ Kg3 45. Kxd3 Rxa3+ 46. Ke2 Kxg2
47. Nh4+ Kh2 48. Rb4 1/2-1/2

[Event "57 Ogolnopolski Masowy Turniej Szachowy o "ZLOTA WIEZE" - Final Centralny 2015"]
[Site "Chotowa"]
[Date "1899-12-30"]
[Round "4.8"]
[White "Buksa, Ewelina"]
[Black "Antolak, Julia"]
[Result "0-1"]
[WhiteTitle "I"]
[BlackTitle "k+"]
[WhiteElo "1614"]
[BlackElo "1987"]

1. e4 c5 2. Nf3 e6 3. d4 cxd4 4. Nxd4 Nf6 5. Nc3 d6 6. Be2 a6 7. a4 Be7 8. O-O
Qc7 9. Be3 b6 10. Qe1 Bb7 11. f3 d5 12. exd5 Nxd5 13. Nxd5 Bxd5 14. Qd2 O-O 15.
a5 b5 16. Rfc1 Rd8 17. Bd3 Nd7 18. Nb3 Qb7 19. Bd4 e5 20. Qe2 Bf6 21. Nc5 Nxc5
22. Bxc5 Re8 23. Be4 Rac8 24. Bf2 Bxe4 25. fxe4 Rc4 26. Re1 Rec8 27. Rac1 Qc7
28. Bb6 Qc6 29. c3 b4 30. Kf1 h6 31. Rcd1 bxc3 32. bxc3 Rxc3 33. Qxa6 Bh4 34.
Re2 Rc4 35. Re3 Ra8 0-1

[Event "57 Ogolnopolski Masowy Turniej Szachowy o "ZLOTA WIEZE" - Final Centralny 2015"]
[Site "Chotowa"]
[Date "1899-12-30"]
[Round "4.9"]
[White "Kopczyk, Daniel"]
[Black "Walter, Szymon"]
[Result "1/2-1/2"]
[WhiteTitle "k"]
[BlackTitle "I++"]
[WhiteElo "2186"]
[BlackElo "2177"]

1. e4 c5 2. Nf3 g6 3. c3 Bg7 4. Bc4 e6 5. O-O Ne7 6. d4 cxd4 7. Nxd4 d5 8. exd5
exd5 9. Bb5+ Bd7 10. Bg5 O-O 11. Re1 Re8 12. Qe2 Bxb5 13. Qxb5 Nbc6 14. Nd2 Nxd4
15. cxd4 h6 16. Bxe7 Rxe7 17. Rxe7 Qxe7 18. Nf3 Rd8 19. h3 Qc7 20. Re1 Bf6 21.
Ne5 Kg7 22. g3 1/2-1/2

[Event "57 Ogolnopolski Masowy Turniej Szachowy o "ZLOTA WIEZE" - Final Centralny 2015"]
[Site "Chotowa"]
[Date "1899-12-30"]
[Round "4.10"]
[White "Kastelik, Adrian"]
[Black "Wozniak, Maciej"]
[Result "1-0"]
[WhiteTitle "I++"]
[BlackTitle "k"]
[WhiteElo "2116"]
[BlackElo "2118"]

1. d4 d5 2. c4 c6 3. Nf3 Nf6 4. Nc3 dxc4 5. a4 Bg4 6. Ne5 Bh5 7. Nxc4 e6 8. Qb3
Na6 9. Bf4 Nb4 10. f3 Nfd5 11. Bd2 Qh4+ 12. g3 Qxd4 13. O-O-O Bg6 14. e4 Qf2 15.
Nxd5 exd5 16. Bxb4 dxc4 17. Bxc4 Qb6 18. Bc3 Qxb3 19. Bxb3 Rg8 20. h4 h6 21. h5
Bh7 22. Rhe1 Be7 23. e5 Bf5 24. e6 Bxe6 25. Bxe6 fxe6 26. Rxe6 Kf7 27. Rde1 Rae8
28. Kc2 Bf6 29. Rxe8 Rxe8 30. Rxe8 Kxe8 31. Bxf6 gxf6 32. Kd3 Kd7 33. g4 Ke6 34.
f4 b6 35. Kd4 c5+ 36. Kc4 Kd6 37. g5 1-0

[Event "57 Ogolnopolski Masowy Turniej Szachowy o "ZLOTA WIEZE" - Final Centralny 2015"]
[Site "Chotowa"]
[Date "1899-12-30"]
[Round "4.11"]
[White "Szpar, Milosz"]
[Black "Beczala, Pawel"]
[Result "1/2-1/2"]
[WhiteTitle "I"]
[BlackTitle "II+"]
[WhiteElo "1831"]
[BlackElo "1717"]

1. e4 c5 2. Nf3 g6 3. c3 Bg7 4. Bc4 e6 5. d4 cxd4 6. cxd4 Ne7 7. e5 d6 8. Qe2 Nbc6
9. O-O O-O 10. Rd1 a6 11. Nc3 b5 12. Bb3 Bb7 13. Ne4 d5 14. Nd6 Qd7 15. Bf4 Nc8
16. Nxb7 Qxb7 17. h4 Nb6 18. h5 h6 19. Bc2 Nc4 20. Bc1 Ne7 21. Qd3 f5 22. exf6
Rxf6 23. b3 Nd6 24. Ne5 gxh5 25. Qe2 Qc7 26. Ba3 Nef5 27. Rac1 Qb7 28. Bc5 Nf7
29. Qxh5 Nxe5 30. dxe5 Rf7 31. Qg6 Qd7 32. b4 Rc8 33. Rd2 Ne7 34. Qg4 Nc6 35.
Re1 Kh8 36. Qg6 Bxe5 37. Rxe5 Nxe5 38. Bd4 Qc7 39. Qxh6+ Kg8 40. Qg5+ Rg7 41.
Qxe5 Qxe5 42. Bxe5 Rg4 43. Bd6 Rc3 44. Bb3 Kf7 45. f3 Rg8 46. Be5 Rxf3 47. Rxd5
Rxb3 48. Rd7+ Ke8 49. Rd6 Rb1+ 50. Kh2 Rxb4 51. Rxe6+ Kd7 52. Rxa6 Ra4 53. Rd6+
Ke7 54. Rd2 Rga8 55. Rb2 Rxa2 1/2-1/2

[Event "57 Ogolnopolski Masowy Turniej Szachowy o "ZLOTA WIEZE" - Final Centralny 2015"]
[Site "Chotowa"]
[Date "1899-12-30"]
[Round "4.12"]
[White "Binkowska, Agata"]
[Black "Krzyzanowska-zadlo, Lidia"]
[Result "1/2-1/2"]
[WhiteTitle "I+"]
[BlackTitle "k"]
[WhiteElo "1788"]
[BlackElo "1851"]

1. d4 Nf6 2. Bg5 d5 3. Nf3 c6 4. e3 Bf5 5. Bd3 Bg6 6. Nbd2 Nbd7 7. O-O Ne4 8. Bf4
Ndf6 9. Ne5 e6 10. f3 Nxd2 11. Qxd2 Bd6 12. g4 Qc7 13. Be2 Nd7 14. Bg3 f6 15.
Nxg6 hxg6 16. f4 f5 17. g5 b5 18. a4 b4 19. c4 Qb7 20. c5 Bc7 21. a5 a6 22. Ra4
Ke7 23. Be1 Rhb8 24. b3 Qc8 25. Qa2 Rb7 26. Bxb4 Qd8 27. Bc3 Kf7 28. Qc2 Nb8 29.
Kg2 Raa7 30. h4 Rb5 31. Bxb5 cxb5 32. Raa1 Nc6 33. b4 Qh8 34. Qf2 Qh5 35. Rh1
Ra8 36. Rh3 Rh8 37. Rah1 Bd8 1/2-1/2

[Event "57 Ogolnopolski Masowy Turniej Szachowy o "ZLOTA WIEZE" - Final Centralny 2015"]
[Site "Chotowa"]
[Date "1899-12-30"]
[Round "4.13"]
[White "Probola, Ryszard"]
[Black "Jagodzinski, Piotr"]
[Result "0-1"]
[WhiteTitle "k"]
[BlackTitle "k++"]
[WhiteElo "2162"]
[BlackElo "2273"]

1. e4 c6 2. f4 d5 3. Nf3 dxe4 4. Ng5 Nf6 5. Bc4 e6 6. Nc3 b5 7. Bb3 b4 8. Ncxe4
h6 9. Nxf6+ Qxf6 10. Nf3 Qxf4 11. O-O Bd6 12. d4 Qg4 13. Be3 O-O 14. Qd2 Ba6 15.
Rf2 Nd7 16. c4 Nf6 17. Rff1 Rad8 18. Bd1 Bxc4 19. Ne5 Bxe5 20. Bxg4 Nxg4 21. Rfd1
Bxh2+ 22. Kh1 Rd5 23. Qxb4 Be2 24. Qd2 Rh5 25. Qxe2 Bf4+ 26. Kg1 Bxe3+ 27. Kf1
Rh1# 0-1